000 00663nam a2200217 a 4500
005 20220810125408.0
008 991125s1980 es 000 0 spa u
020 _a843230316X
035 _aUPN01000050170
049 _aCG
050 4 _aJN3007
_ba4.48a 1980
100 1 _aAlthusser, Louis,
_d1918-1990
_928535
245 1 0 _aLo que no puede durar en el partido comunista /
_cLouis Althusser ; tr. Pedro Vilanora Trías.
250 _a2a ed.
260 _aMadrid :
_bSiglo XXI,
_c1980.
300 _a114 p.
440 0 _aTeoría
534 _pTraducción de:
_tCe que mi peut plus durer dans le parti
610 2 4 _aPARTIDO COMUNISTA FRANCES
905 _aLibro
999 _c50170
_d50170